000 00370pab a2200145 454500
008 180718b2004 xxu||||| |||| 00| 0 eng d
100 _aLight, Ivan
245 _aImmigration and ethnic economies in giant cities
260 _c2004
300 _ap.385-98.
362 _aSep
650 _aImmigration
773 _aInternational Social Science Journal
909 _a62952
999 _c62952
_d62952